Quentin Tarantino Movies - Statistics

General Stats
  • This quiz has been taken 131 times
  • The average score is 8 of 10
Answer Stats
Release Year Answer % Correct
1994 Pulp Fiction
97%
2012 Django Unchained
95%
2003 Kill Bill: Vol. 1
95%
2019 Once Upon a Time... in Hollywood
91%
1992 Reservoir Dogs
90%
2009 Inglourious Basterds
89%
2004 Kill Bill: Vol. 2
89%
2015 The Hateful Eight
76%
1997 Jackie Brown
68%
2007 Deathproof
55%
No matching quizzes found
Score Distribution
Percent of People with Each Score
Percentile by Number Answered
Your Score History
You have not taken this quiz